Circuit theory (Record no. 246)

MARC details
000 -LEADER
Fixed length control field 00497nam a2200193 4500
003 - CONTROL NUMBER IDENTIFIER
Control field SEACOMMC
005 - DATE AND TIME OF LATEST TRANSACTION
Control field 20231018065058.0
008 - FIXED-LENGTH DATA ELEMENTS--GENERAL INFORMATION
Fixed length control field 231018b |||||||| |||| 00| 0 eng d
020 ## - INTERNATIONAL STANDARD BOOK NUMBER / ISBN
Price Rs. 235.00
040 ## - CATALOGING SOURCE
Original cataloging agency SEACOMMC
082 ## - DEWEY DECIMAL CLASSIFICATION NUMBER
Classification number 621.38132
Book Number CHA
100 1# - MAIN ENTRY--PERSONAL NAME
Personal name Chakrabarti, Abhijit
245 1# - TITLE STATEMENT
Title Circuit theory
Statement of responsibility Abhijit Chakrabarti
Parallel Title analysis and synthesis
250 ## - EDITION STATEMENT
Edition statement 5th rev. ed.
260 ## - IMPRINT
Place of publication Delhi
Name of publisher Dhanpat Rai
Date of publication 2006
650 ## - SUBJECT ADDED ENTRY--TOPICAL TERM
Topical term Engineering
650 ## - SUBJECT ADDED ENTRY--TOPICAL TERM
Topical term Electronics
942 ## - ADDED ENTRY ELEMENTS (KOHA)
Koha item type Books

No items available.

© Seacom Engineering College, All rights reserved.    Powered by Koha